00399 a2200133 4500020001800000020001800018082001300036100002400049245009600073250001200169260004200181300002100223700002100244 a9788126512614 a9788126512614 a620.40221 aIncropera, Frank P.10aFundamentals of heat and mass transfer, 5th edition /cFrank P. Incropera, David P. DeWitt. a5th ed. aDelhibWiley (Shubham Offset),c2006. axix, 981c26 cm.1 aDeWitt, David P.